|
|
|
|
| LEADER |
00809nam a2200265 4500 |
| 001 |
DLU090070193 |
| 005 |
##20090526 |
| 040 |
# |
# |
|a DLU
|b eng
|
| 041 |
# |
# |
|a eng
|
| 044 |
# |
# |
|a UK
|
| 100 |
# |
# |
|a Riedel, Rafal.
|
| 245 |
# |
# |
|a Developments in Central and East European politics, edited by S. White, J. Batt and P. Lewis :
|b book review /
|c Rafal Riedel.
|
| 653 |
# |
# |
|a CEE
|
| 653 |
# |
# |
|a Central and East European
|
| 653 |
# |
# |
|a Impacts
|
| 773 |
# |
# |
|t Journal of Common Market Studies
|g Vol. 46, no. 3 (June 2008), p. 721-722
|
| 920 |
# |
# |
|a Phòng Tạp chí -- Trung tâm Thông tin - Thư viện Trường Đại học Đà Lạt
|
| 994 |
# |
# |
|a DLU
|
| 900 |
# |
# |
|a True
|
| 911 |
# |
# |
|a Trương Bảo Trâm Anh
|
| 925 |
# |
# |
|a G
|
| 926 |
# |
# |
|a A
|
| 927 |
# |
# |
|a BB
|
| 980 |
# |
# |
|a Thư viện Trường Đại học Đà Lạt
|